Szczegóły MARC21

Finanse samorządowe 2006 : 400 pytań i odpowiedzi : wzory uchwał, deklaracji, decyzji

005 -DATA I CZAS OSTATNIEJ MODYFIKACJI [,]
    • @
    • pole kontrolne
    • 20061128143637.0
020 -Międzynarod. znormalizowany nr książki - ISBN [ , ]
    • a
    • Numer ISBN
    • 837416588X Find
040 -Instytucja sporządzająca opis [ , ]
    • a
    • Instytucja, która sporządziła opis (NP)
    • SZCZ U/ET
    • c
    • Instytucja, która sporządziła rekord (NP)
    • SZCZ U/ET
    • d
    • Instytucja, która zmodyfikowała rekord (P)
    • SZCZ U/RJ
041 -Język dokumentu [0, ]
    • a
    • Język tekstu (P)
    • polski
044 -Kraj miejsca wydania [ , ]
    • a
    • Kraj miejsca wydania
    • Polska
942 -Rodzaj dokumentu [ , ]
    • c
    • Rodzaj dokumentu
    • Książka
245 -Strefa tytułu i oznaczenia odpowiedzialności [0,0]
    • a
    • Tytuł
    • Finanse samorządowe 2006 Find
    • b
    • Ciąg dalszy tytułu (NP)
    • : 400 pytań i odpowiedzi : wzory uchwał, deklaracji, decyzji Find
    • c
    • Pozostałe elementy strefy tytułu i oznaczenia odpowiedzialności (NP)
    • pod red. Cezarego Kosikowskiego
250 -Strefa wydania [ , ]
    • a
    • Oznaczenie wydania (NP)
    • [Wyd.2]
260 -Strefa adresu wydawniczego [ , ]
    • a
    • Miejsce wydania (P)
    • Warszawa
    • b
    • Nazwa wydawcy (P)
    • Dom Wydaw. ABC
    • c
    • Data wydania (P)
    • 2006
300 -Strefa opisu fizycznego [ , ]
    • a
    • Określenie formy książki i/lub objętość (NP)
    • 630 s.
    • c
    • Format (NP)
    • 24 cm.
500 -Uwaga ogólna [ , ]
    • a
    • Uwaga ogólna (NP)
    • Bibliogr.
080 -Uniwersalna Klasyfikacja Dziesiętna [ , ]
    • 2
    • Identyfikator wydania tablic
    • UDC-P022
    • a
    • Symbol klasyfikacji
    • 347.73
    • b
    • Dopowiedzenie
    • Instytucje handlowe. Prawo finansowe.
    • x
    • Poddział wspólny
    • (438)
    • b
    • Dopowiedzenie
    • (Polska).
080 -Uniwersalna Klasyfikacja Dziesiętna [ , ]
    • 2
    • Identyfikator wydania tablic
    • UDC-P022
    • a
    • Symbol klasyfikacji
    • 336.14::352
    • b
    • Dopowiedzenie
    • Finanse administracji lokalnej. Finanse samorządów lokalnych. Finanse komunalne.
    • x
    • Poddział wspólny
    • (438)
    • b
    • Dopowiedzenie
    • (Polska).
980 -Symbol UKD [ , ]
    • a
    • UKD
    • 347.73:336.2::352](438)
700 -Hasło dodatkowe - nazwa osobowa [1, ]
    • a
    • Nazwa osobowa (NP)
    • Kosikowski, Cezary. Find
    • d
    • Daty biograficzne (NP)
    • (1942-).
    • e
    • Określenie rodzaju współpracy
    • Red.
920 -ISBN [ , ]
    • a
    • ISBN
    • 83-7416-588-X Find
Sygnatura Numer inwentarzowy Status udost. Lokalizacja Data inwentaryzacji
T.9205T.9205-2T2006-11-08
 TM.4537-2T2007-03-01